000 00899nam a22002297a 4500
005 20240530110511.0
008 151205s2010 su ba g 000 0 ara d
040 _aEG-CaGPL
082 0 4 _221
_a953.073\
_bم ح
100 0 _aمهند نايف مصطفى الدعجة .
245 1 0 _aحمص منذ الفتح العربى الاسلامى حتى نهاية العصر الاموى /
_cتاليف مهند نايف مصطفى الدعجة .
250 _aط1.
260 _aدمشق :
_bدار مؤسسة رسلان ،
_c2010 .
300 _a464 ص ؛
_c24 سم .
651 0 4 _aحمص
_xتاريخ
_yالفتح الاسلامى .
651 0 4 _aحمص
_xالاحوال السياسية .
651 0 4 _aحمص
_xتاريخ .
651 0 4 _aحمص
_xجغرافيا .
651 0 4 _aحمص
_xتاريخ
_yالعصر الاموى .
942 _2ddc
_cBK
999 _c61684
_d61684